| 000 | 00870 a2200229 4500 | ||
|---|---|---|---|
| 010 | _aENG-85278 | ||
| 020 |
_a8178241757 _c650.00 |
||
| 035 | _aEN-68811 | ||
| 037 | _bD.B.Act / Pub | ||
| 082 | 1 | 4 | _a954.0298092 |
| 090 |
_c2150 _d2150 |
||
| 100 | 1 | _aDirks, Nicholas B., | |
| 245 | 1 |
_aThe scandal of empire _bIndia and the creation of imperial Britain _cNicholas B. Dirks. |
|
| 260 |
_aDelhi _bPermanent Black _c2007 |
||
| 270 |
_aD-28, Oxford Apartments, I. P. Extension _bDelhi _cDelhi _e110092 |
||
| 300 |
_axviii, 389 p. _bill., map _c22 cm. |
||
| 500 | _aIncludes bibliographical references and index | ||
| 650 | 0 |
_aPolitical corruption _zIndia _xHistory _y18th century. |
|
| 651 | 0 |
_aIndia _xColonization _xHistory _y18th century. |
|
| 942 |
_adpl _cEN _k954.0298092 / DIR |
||
| 999 |
_c2110 _d2110 |
||